¿Me planchas mi elefante, por favor? /

Shranjeno v:
Bibliografske podrobnosti
Glavni avtor: El Fisgón (texto e ilustración)
Format: Knjiga
Jezik:španščina
Izdano: México : Fondo de Cultura Económica, 2018, c2018
Serija:(Los Especiales de A la Orilla del Viento)
Teme:
Oznake: Označite
Brez oznak, prvi označite!

MARC

LEADER 00000nam^a2200000^a^4500
001 000410392
005 20250521000000.0
009 20260310122045.549
020 |a 978-607-16-5633-9 
037 |a Acervo ITESO - Biblioteca 
041 |a ESP 
082 |a 808. 899282  |b FIS 
100 |a El Fisgón  |e (texto e ilustración) 
245 1 0 |a ¿Me planchas mi elefante, por favor? /  |c Texto e il. de El Fisgón. 
264 4 |a México :  |b Fondo de Cultura Económica,  |c 2018, c2018 
300 |a [46 p.] 
336 |a texto  |b txt  |2 rdacontenido 
337 |a sin mediación  |b n  |2 rdamedio 
338 |a volumen  |b nc  |2 rdasoporte 
440 5 |a (Los Especiales de A la Orilla del Viento) 
521 |a FIL 2018 DIA 
545 0 |a El Fisgón (Ciudad de México, 1956) es un popular caricaturista político y artista plástico mexicano cuyo activismo político de izquierda ha marcado su trayectoria como historietista; como tal, ha denunciado los errores y los malos manejos de la administración pública y la política mexicana, con un mensaje de defensa de la democracia y de la justicia social, a través de las páginas de La Jornada y la revista El Chamuco y los hijos del averno (de la que es fundador), principalmente, así como en libros gráficos sobre temas de relevancia social. Maneja diversos estilos gráficos caracterizados por un trazo fino y limpio, acompañados por textos sustentados en una amplia documentación. Entre otros, ha sido galardonado con los premios Manuel Buendía de Periodismo Joven, del Club de Periodistas, Nacional de Periodismo de México y la Catrina, de la Feria Internacional de Libro de Guadalajara. Es fundador de la revista El Chauistle, así como de los suplementos culturales Más o menos, del periódico Unomasuno e Histerietas, de La Jornada. Es autor, entre otros, de los libros de historietas El sexenio me da risa: la historieta no oficial; Hacia un despiporre global de excelencia y calidad; Felipe de Jesús el pequeño; ¡Me lleva el TLC!: el Tratado retratado; La canallada del desafuero para principiantes; Cómo la hacen de Pemex; Narcotráfico para inocentes: el narco en México y quién lo U.S.A.; La democracia me da Peña, así como de la colección de cuentos e historietas Dulce venganza. Ha ilustrado numerosos libros infantiles. Estudioso de la historia del arte y la caricatura mexicana e internacional, ha publicado el libro Posada: mito y mitote: la caricatura política de José Guadalupe Posada y Manuel Alfonso Manilla y, con motivo del centenario del fallecimiento del primero, realizó en 2013 el mural itinerante La pesadilla de Posada. 
649 |a XX 
650 |a Niños en la Literatura 
650 |a Entrenamiento en Asertividad en la Literatura 
650 |a Cuentos Infantiles -  |z México 
650 |a Cuentos Mexicanos 
650 |a Literatura Mexicana -  |y Siglo XXI 
650 |a Literatura Infantil -  |z México 
910 |a Fondo General 
920 |a Impresos - Libros 
930 |a Colección General 
940 |a Literatura 
905 |a 101 
901 |a 0500312294  |b IT1  |c LIT  |i c163607  |u 20250521 
902 |a https://opac.biblio.iteso.mx/vufind/Record/000410392